<?xml version="1.0" encoding="UTF-8"?>
<marc:record xmlns:marc="http://www.loc.gov/MARC21/slim">
   <marc:leader>00000nam a2200000 a 4500</marc:leader>
   <marc:datafield ind1="1" ind2=" " tag="100">
      <marc:subfield code="a">Gebhardt, Ihno</marc:subfield>
      <marc:subfield code="4">edt</marc:subfield>
      <marc:subfield code="e">Bearbeiter/-in</marc:subfield>
   </marc:datafield>
   <marc:datafield ind1=" " ind2=" " tag="653">
      <marc:subfield code="a">Glücksspiel</marc:subfield>
   </marc:datafield>
   <marc:datafield ind1=" " ind2=" " tag="653">
      <marc:subfield code="a">Recht</marc:subfield>
   </marc:datafield>
   <marc:datafield ind1=" " ind2=" " tag="653">
      <marc:subfield code="a">Glücksspielmarkt</marc:subfield>
   </marc:datafield>
   <marc:datafield ind1=" " ind2=" " tag="653">
      <marc:subfield code="a">Spielsucht</marc:subfield>
   </marc:datafield>
   <marc:datafield ind1=" " ind2=" " tag="653">
      <marc:subfield code="a">Softcover / Recht</marc:subfield>
   </marc:datafield>
   <marc:datafield ind1=" " ind2=" " tag="653">
      <marc:subfield code="a">Glücksspielstaatsvertrag</marc:subfield>
   </marc:datafield>
   <marc:datafield ind1=" " ind2=" " tag="653">
      <marc:subfield code="a">Gambling</marc:subfield>
   </marc:datafield>
   <marc:datafield ind1=" " ind2=" " tag="653">
      <marc:subfield code="a">Glücksspiel /Sucht</marc:subfield>
   </marc:datafield>
   <marc:datafield ind1="0" ind2="0" tag="245">
      <marc:subfield code="a">Glücksspiel</marc:subfield>
   </marc:datafield>
   <marc:datafield ind1="0" ind2="0" tag="245">
      <marc:subfield code="b">Ökonomie, Recht, Sucht</marc:subfield>
   </marc:datafield>
   <marc:datafield ind1="0" ind2="0" tag="245">
      <marc:subfield code="c">Ihno Gebhardt, Stefan Korte (Hrsg.)</marc:subfield>
   </marc:datafield>
   <marc:datafield ind1=" " ind2="1" tag="264">
      <marc:subfield code="a">Berlin</marc:subfield>
      <marc:subfield code="b">De Gruyter</marc:subfield>
   </marc:datafield>
   <marc:datafield ind1="1" ind2=" " tag="490">
      <marc:subfield code="a">De Gruyter Handbuch</marc:subfield>
   </marc:datafield>
   <marc:datafield ind1=" " ind2=" " tag="250">
      <marc:subfield code="a">2., überarbeitete Auflage</marc:subfield>
   </marc:datafield>
   <marc:datafield ind1="1" ind2=" " tag="520">
      <marc:subfield code="a">Angaben aus der Verlagsmeldung

Glücksspiel : Ökonomie, Recht, Sucht

Der Gerichtshof der Europäischen Gemeinschaften hat mit seinen Entscheidungen vom 8. September 2010 die gemeinschaftsrechtlichen Rahmenbedingungen für das Glücksspielwesen in Deutschland präzisiert: Die Gesetzgeber von Bund und Ländern sind verpflichtet, ein Regelwerk zu schaffen, das insgesamt dem europagerichtlichen Kohärenzgebot genügt. Glücksspielmonopole, durch die private Glücksspielanbieter vom deutschen Glücksspielmarkt ausgeschlossen werden, lassen sich mit den Zielen der Spielsuchtvermeidung und -bekämpfung rechtfertigen. Damit bleiben auch weiterhin neben ökonomischen und rechtlichen Fragen die Erkenntnisse der Glücksspielsucht-Forschung im Mittelpunkt des Interesses. Namhafte Wissenschaftler und Praktiker analysieren das Glücksspielwesen in Europa, den USA und Asien umfassend und geben dem Leser zugleich eine Idee von der geschichtlichen Dimension und der Bedeutung des Glücksspiels für den Einzelnen und die Gesellschaft insgesamt.
</marc:subfield>
   </marc:datafield>
   <marc:datafield ind1=" " ind2=" " tag="020">
      <marc:subfield code="a">9783110259209</marc:subfield>
      <marc:subfield code="9">9783110259209</marc:subfield>
   </marc:datafield>
   <marc:datafield ind1=" " ind2=" " tag="020">
      <marc:subfield code="a">3110259206</marc:subfield>
      <marc:subfield code="9">3110259206</marc:subfield>
   </marc:datafield>
   <marc:datafield ind1=" " ind2=" " tag="041">
      <marc:subfield code="a">ger</marc:subfield>
   </marc:datafield>
   <marc:datafield ind1=" " ind2=" " tag="300">
      <marc:subfield code="a">XXXII, 1137 Seiten</marc:subfield>
   </marc:datafield>
</marc:record>
